000 00973nam a22001817a 4500
999 _c61976
_d61976
003 Ge_BSU
005 20240618160909.0
008 240618s1986 ge ||||| |||| 00| 0 geo d
041 _ageo
080 _a335.587(075.8) გ-63
100 _aგოლეთიანი, ამბაკო
_922477
245 _aმასობრივი დაზიანების იარაღებისაგან მოსახლეობის თავდაცვის საშუალებები :
_b[სახელმძღ. პედ-ინ-ტის სტუდ.] /
_cამბაკო გოლეთიანი; რედ. ტ. ზოზრაშვილი.
264 _aთბ. :
_bგანათლება,
_c1986.
300 _a115გვ. ;
_b21სმ.
653 _aმოსახლეობის თავდაცვა
700 _aზოზრაშვილი, ტ.
_eრედაქტორი
_9686
942 _2udc
_cᲬᲘᲒᲜᲘ